|
|
|
|
| LEADER |
00000nam0a2200000 4500 |
| 001 |
31548 |
| 005 |
20231030204518.0 |
| 035 |
|
|
|a (RuTPU)RU\TPU\book\31826
|
| 035 |
|
|
|a BOOK00000034
|
| 090 |
|
|
|a 31548
|
| 100 |
|
|
|a 20011209d2001 u y0rusy50 ca
|
| 101 |
0 |
|
|a rus
|
| 102 |
|
|
|a RU
|
| 105 |
|
|
|a e 000|y
|
| 200 |
1 |
|
|a Многоязычное представление
|
| 210 |
|
|
|a Москва
|c Изд-во Гос. Думы
|d 2001
|
| 215 |
|
|
|a 127 с.
|
| 461 |
|
|
|t Информационно-поисковый тезаурус
|f Гос. Дума; Парламентская биб-ка
|v Т. 3
|
| 517 |
1 |
|
|a Русская версия тезауруса EUROVOC
|
| 610 |
1 |
|
|a информация
|
| 610 |
1 |
|
|a информационно-поисковые системы
|
| 610 |
1 |
|
|a информационно-поисковые тезаурусы
|
| 610 |
1 |
|
|a Eurovoc-тезаурус
|
| 610 |
1 |
|
|a русская версия
|
| 610 |
1 |
|
|a многоязычный указатель
|
| 686 |
|
|
|a Ч231.172
|v LBC/SL-A
|2 rubbk
|
| 712 |
0 |
2 |
|a Государственная Дума
|b Парламентская библиотека
|
| 801 |
|
0 |
|a RU
|b 63413507
|c 20011209
|g PSBO
|
| 801 |
|
2 |
|a RU
|b 63413507
|c 20061010
|g PSBO
|
| 942 |
|
|
|c BK
|